[Event "Chinese League"]
[Site "Ningbo CHN"]
[Date "2011.04.12"]
[Round "1"]
[White "Liu, Guanchu"]
[Black "Li, Chao b"]
[Result "0-1"]
[BlackTitle "GM"]
[WhiteElo "2233"]
[BlackElo "2646"]
[WhiteTeam "Sichuan"]
[BlackTeam "Beijing"]
[WhiteFideId "8603901"]
[BlackFideId "8604436"]
[EventDate "2011.04.12"]

1. e4 d6 2. d4 Nf6 3. Nc3 g6 4. Be3 Bg7 5. Qd2 c6 6. f3 b5 7. Nge2 Qa5 8. a3 O-O
9. Nc1 Be6 10. Nb3 Bxb3 11. cxb3 Nbd7 12. b4 Qc7 13. Rc1 Qb7 14. Be2 Nb6 15. O-O
Nc4 16. Bxc4 bxc4 17. b3 a5 18. bxc4 axb4 19. axb4 Qxb4 20. e5 dxe5 21. dxe5
Rfd8 22. Qe2 Nd7 23. f4 Nc5 24. Bxc5 Qxc5+ 25. Kh1 Ra3 26. Qb2 Rda8 27. Ne4 Qa7
28. Rcd1 Qe3 29. Rde1 Qd3 30. Qb4 Qd7 31. Nc5 Qg4 32. Qb1 Rc3 33. Qe4 Ra2 34. e6
f5 35. Qxc6 h5 36. Rg1 Qxf4 37. Qe8+ Kh7 38. Ref1 Qc7 39. Rxf5 Rh3 0-1

[Event "Chinese League"]
[Site "Ningbo CHN"]
[Date "2011.04.12"]
[Round "1"]
[White "Chen, Fan"]
[Black "Xiu, Deshun"]
[Result "1/2-1/2"]
[WhiteTitle "FM"]
[WhiteElo "2345"]
[BlackElo "2508"]
[WhiteTeam "Sichuan"]
[BlackTeam "Beijing"]
[WhiteFideId "8600767"]
[BlackFideId "8603693"]
[EventDate "2011.04.12"]

1. e4 c5 2. Nf3 d6 3. d4 cxd4 4. Nxd4 Nf6 5. Nc3 a6 6. Be2 e5 7. Nb3 Be7 8. O-O
O-O 9. Kh1 Nc6 10. f4 b5 11. Bf3 Na5 12. Nxa5 Qxa5 13. fxe5 dxe5 14. Nd5 Nxd5
15. exd5 Bd6 16. a4 Bd7 17. Bd2 Qd8 18. Qe1 bxa4 19. Bb4 Qe7 20. Bxd6 Qxd6 21.
c4 Rac8 22. Qc3 Rc5 23. Be2 a5 24. Rfe1 f6 25. Bd3 g6 26. Bc2 Rfc8 27. Qa3 Qb6
28. Bxa4 Bxa4 29. Qxa4 Rxc4 30. Qxa5 Qxa5 31. Rxa5 Rb4 32. Ra7 Rxb2 33. h3 Rcb8
34. Kg1 R2b7 35. Ra6 Rb6 36. Rea1 f5 37. Rxb6 Rxb6 38. Ra8+ Kf7 39. Ra7+ Kf6 40.
Rxh7 Rd6 41. h4 Rxd5 42. h5 gxh5 43. Rxh5 Rd2 44. g3 e4 45. Kf1 Ra2 46. Kg1 e3
47. Kf1 Rf2+ 48. Kg1 Ke5 49. Rh4 f4 50. gxf4+ Rxf4 51. Rh2 Ke4 52. Ra2 Kf5 53.
Kg2 Kg4 54. Re2 Rf3 55. Ra2 Rf8 56. Re2 Kf4 57. Ra2 Kg4 58. Ra4+ Rf4 59. Ra2 Rb4
60. Kf1 Rf4+ 61. Ke1 Rf8 62. Ra7 Kf3 63. Re7 Rf4 64. Re8 1/2-1/2

[Event "Chinese League"]
[Site "Ningbo CHN"]
[Date "2011.04.12"]
[Round "1"]
[White "Wang, Jue"]
[Black "Nie, Xin"]
[Result "1-0"]
[WhiteElo "2275"]
[BlackElo "1970"]
[WhiteTeam "Beijing"]
[BlackTeam "Sichuan"]
[WhiteFideId "8604070"]
[BlackFideId "8605610"]
[EventDate "2011.04.12"]

1. e4 e5 2. Nf3 Nc6 3. Bb5 a6 4. Ba4 Nf6 5. O-O Be7 6. d3 b5 7. Bb3 d6 8. a4 b4
9. Nbd2 O-O 10. Re1 Na5 11. Ba2 c5 12. c3 Rb8 13. d4 cxd4 14. cxd4 Nc6 15. h3
exd4 16. Nb3 Bb7 17. Bf4 Rc8 18. Nbxd4 Nxd4 19. Qxd4 a5 20. Rad1 Qe8 21. Bb3 Rd8
22. Qa7 Bxe4 23. Nd2 d5 24. Nxe4 dxe4 25. Rxd8 Qxd8 26. Rd1 Qe8 27. Qxa5 Qc6 28.
Rc1 Qd7 29. Qc7 Rd8 30. a5 Qxc7 31. Rxc7 Kf8 32. a6 Ne8 33. Rb7 Ra8 34. a7 1-0

[Event "Chinese League"]
[Site "Ningbo CHN"]
[Date "2011.04.12"]
[Round "1"]
[White "Wu, Xibin"]
[Black "Yu, Yangyi"]
[Result "1/2-1/2"]
[WhiteTitle "IM"]
[BlackTitle "GM"]
[WhiteElo "2360"]
[BlackElo "2652"]
[WhiteTeam "Sichuan"]
[BlackTeam "Beijing"]
[WhiteFideId "8600309"]
[BlackFideId "8603820"]
[EventDate "2011.04.12"]

1. e4 c5 2. Nf3 d6 3. d4 cxd4 4. Nxd4 Nf6 5. Nc3 a6 6. Be3 e6 7. Be2 Qc7 8. Qd2
b5 9. a3 Bb7 10. f3 Be7 11. g4 Nc6 12. g5 Nd7 13. Nxc6 Qxc6 14. h4 Ne5 15. Rg1
Nc4 16. Bxc4 Qxc4 17. O-O-O Rc8 18. Rg4 e5 19. Kb1 O-O 20. Rg2 Qe6 21. Rg3 Rc7
22. Nd5 Bxd5 23. Qxd5 Qxd5 24. Rxd5 f5 25. gxf6 Rxf6 26. h5 Kf7 27. a4 bxa4 28.
Ra5 Rc6 29. Rxa4 g6 30. hxg6+ Rxg6 31. Rh3 Kg7 32. Rb4 Rc7 33. Rb6 a5 34. Rb8
Rg2 35. c3 a4 36. Bh6+ Kf7 37. Be3 Kg7 38. Bh6+ 1/2-1/2

[Event "Chinese League"]
[Site "Ningbo CHN"]
[Date "2011.04.12"]
[Round "1"]
[White "Hoang, Thi Bao Tram"]
[Black "Ding, Yixin"]
[Result "1-0"]
[WhiteTitle "WGM"]
[BlackTitle "WGM"]
[WhiteElo "2311"]
[BlackElo "2376"]
[WhiteTeam "Qingdao"]
[BlackTeam "Zhejiang"]
[WhiteFideId "12401102"]
[BlackFideId "8602972"]
[EventDate "2011.04.12"]

1. d4 Nf6 2. Nf3 e6 3. Bg5 h6 4. Bxf6 Qxf6 5. e4 d6 6. Nc3 b6 7. Qd2 Bb7 8.
O-O-O Nd7 9. Qe3 g5 10. Nb5 Kd8 11. Kb1 a6 12. Nc3 Qf4 13. Qe2 g4 14. Nd2 d5 15.
g3 Qg5 16. h3 gxh3 17. exd5 exd5 18. Bxh3 c6 19. Na4 b5 20. Bxd7 bxa4 21. Qe8+
Kc7 22. Qxf7 Qg7 23. Be6+ Qxf7 24. Bxf7 a3 25. c3 axb2 26. Kxb2 Bc8 27. Bg6 a5
28. Kc2 c5 29. dxc5 Bxc5 30. Nb3 Bxf2 31. Rhf1 Bxg3 32. Rxd5 Be6 33. Rc5+ Kd6
34. Rd1+ Ke7 35. Nd4 Bd7 36. Be4 Ra6 37. Rg1 Rg8 38. Rh5 Kf8 39. Kd3 Bc7 40.
Rf1+ Ke7 41. Bd5 Rg3+ 42. Kc4 Rg7 43. Rh4 Bg3 44. Re4+ Kd8 45. Kd3 Bd6 46. Rf6
h5 47. Rh6 Bg4 48. Rh8+ Kd7 49. Bb7 Rb6 50. Bc8+ Kc7 51. Bxg4 Rxg4 52. Rh7+ Kd8
53. Rxh5 Rxe4 54. Kxe4 a4 55. Ra5 a3 56. Nb5 Be7 57. Nxa3 Bxa3 58. Rxa3 Rd6 59.
Ra4 Kc7 60. Rd4 Ra6 61. a4 Ra5 62. Rb4 Kc6 63. Kd4 Rh5 64. Kc4 Rh4+ 65. Kb3 Rh5
66. Rg4 Kb6 67. Kb4 Rh6 68. a5+ Kb7 69. c4 Rh5 70. Rg2 Rh3 71. Rg6 Rh7 72. Rd6
Rh3 73. Rb6+ Kc7 1-0

[Event "Chinese League"]
[Site "Ningbo CHN"]
[Date "2011.04.12"]
[Round "1"]
[White "Yu, Lie"]
[Black "Xu, Hanbing"]
[Result "1-0"]
[WhiteTitle "IM"]
[WhiteElo "2404"]
[BlackElo "2378"]
[WhiteTeam "Zhejiang"]
[BlackTeam "Qingdao"]
[WhiteFideId "8603715"]
[BlackFideId "8601658"]
[EventDate "2011.04.12"]

1. d4 Nf6 2. c4 Nc6 3. Nf3 e6 4. a3 d6 5. Nc3 g6 6. e4 Bg7 7. Be2 O-O 8. O-O d5
9. e5 Ne4 10. Qc2 Nxc3 11. Qxc3 f6 12. exf6 Qxf6 13. Be3 a5 14. Rad1 a4 15. Rfe1
Na5 16. Qc1 Qd8 17. Bh6 Nxc4 18. Bxg7 Kxg7 19. Bxc4 dxc4 20. Qxc4 Ra5 21. Re3 c6
22. h4 Qd5 23. Qe2 Qh5 24. Re5 Rxe5 25. dxe5 Qg4 26. Rd4 Rf4 27. Rd8 Rf8 28. Qd3
Qf5 29. Qd6 Kg8 30. Qc7 Rxd8 31. Qxd8+ Qf8 32. Qd4 b5 33. Ng5 c5 34. Qd3 c4 35.
Qd4 Qe7 36. Qb6 Bd7 37. Ne4 Be8 38. Nf6+ Kg7 39. Qd6 Kf7 40. Qd2 Qc7 41. Qf4 Qd8
42. Nxh7+ Kg7 43. Ng5 Qe7 44. Qg4 Bf7 45. h5 c3 46. bxc3 Qxa3 47. h6+ Kf8 48. h7
Kg7 49. h8=Q+ Kxh8 50. Qh4+ 1-0

[Event "Chinese League"]
[Site "Ningbo CHN"]
[Date "2011.04.12"]
[Round "1"]
[White "Wan, Yunguo"]
[Black "Zhou, Weiqi"]
[Result "1-0"]
[BlackTitle "GM"]
[WhiteElo "2458"]
[BlackElo "2592"]
[WhiteTeam "Hebei"]
[BlackTeam "Jiangsu"]
[WhiteFideId "8603189"]
[BlackFideId "8601674"]
[EventDate "2011.04.12"]

1. e4 c6 2. Ne2 d5 3. e5 c5 4. d4 Nc6 5. c3 Bg4 6. dxc5 e6 7. f3 Bf5 8. Be3 Nxe5
9. Nd4 Ne7 10. Bb5+ N5c6 11. O-O Qc7 12. Bf2 Bg6 13. b4 e5 14. Bg3 f6 15. Ba4
Qd7 16. Nb5 Nf5 17. Qxd5 a5 18. Qxd7+ Kxd7 19. Rd1+ Kc8 20. Bb3 Nxg3 21. hxg3
Be7 22. Nd6+ Bxd6 23. Rxd6 axb4 24. cxb4 Nxb4 25. Nc3 Ra5 26. Rb6 Nc6 27. Nb5
Nd4 28. Nxd4 exd4 29. Rd1 d3 30. c6 Kc7 31. Rxb7+ Kxc6 32. Re7 Rd8 33. Kf2 Rc5
34. g4 f5 35. gxf5 Bxf5 36. Rxg7 Rc2+ 37. Kf1 Rb2 38. Rg5 Bg6 39. Re5 Rd4 40.
Kg1 Kd6 41. Re6+ Kc5 42. Kf1 Kb5 43. Re7 Rd6 44. Rb7+ Ka5 45. Rc7 Kb6 46. Rc3
Kb5 47. Rdc1 d2 48. Rd1 Bd3+ 49. Kf2 Kb4 50. Rc7 Rd8 51. Re7 h5 52. g3 Kc3 53.
Ke3 Rc8 54. Re5 Bb1 55. Be6 Rd8 56. Rc5+ Kb4 57. Rc4+ Kb5 58. Rd4 Re8 59. Re4
Kc5 60. Bf7 Rd8 61. Rc4+ Kb5 62. Rd4 Rxd4 63. Kxd4 Bxa2 64. Kc3 Rb1 65. Rxb1+
Bxb1 66. Kxd2 1-0

[Event "Chinese League"]
[Site "Ningbo CHN"]
[Date "2011.04.12"]
[Round "1"]
[White "Wang, Rui"]
[Black "Yu, Ruiyuan"]
[Result "1-0"]
[WhiteTitle "GM"]
[WhiteElo "2437"]
[BlackElo "2439"]
[WhiteTeam "Hebei"]
[BlackTeam "Jiangsu"]
[WhiteFideId "8601003"]
[BlackFideId "8603090"]
[EventDate "2011.04.12"]

1. d4 d5 2. c4 c6 3. Nf3 Nf6 4. Qb3 e6 5. Bg5 Nbd7 6. e3 Qa5+ 7. Nc3 Ne4 8. Bf4
Ndf6 9. Rc1 Bb4 10. Bd3 b5 11. cxd5 exd5 12. Ne5 Bb7 13. a3 Be7 14. Ke2 O-O 15.
f3 Nd6 16. g4 Rac8 17. Qc2 b4 18. axb4 Qxb4 19. Na4 Nb5 20. Rhd1 g6 21. Kf1 Bd6
22. Nc5 Bxc5 23. Qxc5 Qxc5 24. Rxc5 a6 25. Bg5 1-0

[Event "Chinese League"]
[Site "Ningbo CHN"]
[Date "2011.04.12"]
[Round "1"]
[White "Guo, Qi"]
[Black "Wang, Doudou"]
[Result "1-0"]
[WhiteElo "2331"]
[BlackElo "2182"]
[WhiteTeam "Jiangsu"]
[BlackTeam "Hebei"]
[WhiteFideId "8604002"]
[BlackFideId "8603197"]
[EventDate "2011.04.12"]

1. d4 Nf6 2. c4 g6 3. Nc3 Bg7 4. e4 d6 5. Nf3 O-O 6. Be2 e5 7. O-O Nc6 8. d5 Ne7
9. b4 a5 10. Ba3 b6 11. bxa5 Nh5 12. Re1 Nf4 13. Bf1 f5 14. Bb4 bxa5 15. Ba3
fxe4 16. Nd2 Nd3 17. Bxd3 exd3 18. Nde4 Nf5 19. Qxd3 Bh6 20. Nb5 Ba6 21. Bb2 a4
22. Rab1 Rf7 23. Bc3 Qh4 24. Rb4 Raf8 25. g3 Qh3 26. Qf1 Qxf1+ 27. Rxf1 Ne3 28.
Rfb1 Ng4 29. Be1 Bc8 30. Nbc3 Be3 31. Rb8 Bd4 32. h3 Nf6 33. Ng5 Re7 34. Nb5 h6
35. Nf3 Bf5 36. Rxf8+ Kxf8 37. Rb4 Bc2 38. Bd2 Kg7 39. Nbxd4 exd4 40. Nxd4 Bd3
41. Ne6+ Kh7 42. g4 Ne4 43. Be3 a3 44. Kh2 g5 45. Bd4 Nd2 46. Bc3 Ne4 47. Bd4
Nd2 48. Kg3 Be4 49. h4 Nf3 50. h5 Rf7 51. Rb8 Ne5 52. Bxe5 Rf3+ 53. Kh2 Rxf2+
54. Kg1 Rg2+ 55. Kf1 dxe5 56. Nc5 Rb2 57. Ra8 Bf3 58. Rxa3 Bxg4 59. Ra7 Bxh5 60.
Rxc7+ Kg6 61. Ne4 Bf3 62. Ng3 g4 63. d6 e4 64. Re7 Rd2 65. c5 Rd1+ 66. Kf2 Rd2+
67. Ke3 Rd5 68. Nxe4 Bxe4 69. Kxe4 Rd1 70. Kf4 h5 71. Re6+ Kf7 72. Re5 Rf1+ 73.
Kg5 g3 74. Re7+ Kf8 75. Re2 Rf2 76. Re1 Rc2 77. d7 Rd2 78. Re8+ 1-0

[Event "Chinese League"]
[Site "Ningbo CHN"]
[Date "2011.04.12"]
[Round "1"]
[White "Ma, Qun"]
[Black "Wang, Chen"]
[Result "1-0"]
[WhiteElo "2427"]
[BlackElo "2435"]
[WhiteTeam "Tianjin"]
[BlackTeam "Chongqing"]
[WhiteFideId "8603154"]
[BlackFideId "8601020"]
[EventDate "2011.04.12"]

1. e4 c5 2. Nf3 e6 3. d4 cxd4 4. Nxd4 a6 5. Bd3 g6 6. O-O Bg7 7. Nf3 Nc6 8. c4
Nge7 9. Nc3 O-O 10. Bf4 d5 11. e5 Nb4 12. a3 Nxd3 13. Qxd3 Qb6 14. Be3 dxc4 15.
Qxc4 Qc6 16. Qb4 Nf5 17. Rac1 a5 18. Qf4 Bd7 19. Ne4 Qb5 20. Bc5 Rfc8 21. g4 Bc6
22. Nf6+ Bxf6 23. exf6 Qe2 24. Ne5 Nh4 25. Qh6 1-0

[Event "Chinese League"]
[Site "Ningbo CHN"]
[Date "2011.04.12"]
[Round "1"]
[White "Li, Haoyu"]
[Black "Gao, Rui"]
[Result "1-0"]
[BlackTitle "IM"]
[WhiteElo "2386"]
[BlackElo "2435"]
[WhiteTeam "Tianjin"]
[BlackTeam "Chongqing"]
[WhiteFideId "8601488"]
[BlackFideId "8602387"]
[EventDate "2011.04.12"]

1. e4 c5 2. c3 Nf6 3. e5 Nd5 4. Nf3 e6 5. d4 cxd4 6. cxd4 b6 7. Nc3 Nxc3 8. bxc3
Qc7 9. Bd2 Bb7 10. Bd3 d6 11. O-O Nd7 12. Ng5 dxe5 13. Qh5 g6 14. Qh3 Be7 15.
Rfe1 h6 16. Bb5 a6 17. Ba4 b5 18. Bb3 Qc6 19. f3 Rd8 20. Re2 Bf6 21. Nxe6 fxe6
22. Bxe6 Ke7 23. Bb3 Bg7 24. Rae1 Rhf8 25. Bxh6 Rh8 26. Bg5+ Bf6 27. Qg3 Bxg5
28. Rxe5+ Kf8 29. Rxg5 Re8 30. Rd1 Qxc3 31. Qf4+ Ke7 32. Rc1 Qb4 33. Rxg6 Rh5
34. Rg7+ 1-0

[Event "Chinese League"]
[Site "Ningbo CHN"]
[Date "2011.04.12"]
[Round "1"]
[White "Tan, Zhongyi"]
[Black "Vijayalakshmi, Subbaraman"]
[Result "1-0"]
[WhiteTitle "WGM"]
[BlackTitle "IM"]
[WhiteElo "2428"]
[BlackElo "2431"]
[WhiteTeam "Chongqing"]
[BlackTeam "Tianjin"]
[WhiteFideId "8603642"]
[BlackFideId "5004098"]
[EventDate "2011.04.12"]

1. d4 Nf6 2. c4 e6 3. Nf3 b6 4. g3 Bb7 5. Bg2 Be7 6. O-O O-O 7. Nc3 Na6 8. a3 c5
9. d5 exd5 10. cxd5 d6 11. Re1 Nc7 12. e4 b5 13. b4 Nd7 14. Bf4 Bf6 15. Rc1 cxb4
16. axb4 Nb6 17. Nd4 a6 18. Nc6 Bxc6 19. dxc6 Nc4 20. Nd5 Be5 21. Bxe5 dxe5 22.
Bf1 Nb2 23. Qb3 Na4 24. Red1 Qb8 25. Nxc7 Qxc7 26. Rd7 Qc8 27. Qe3 Rb8 28. Bh3
Nb6 29. c7 Rb7 30. Qd2 Nc4 31. Rxc4 bxc4 32. Rxf7 c3 33. Rxf8+ Qxf8 34. Qxc3 1-0

[Event "Chinese League"]
[Site "Ningbo CHN"]
[Date "2011.04.12"]
[Round "1"]
[White "Tian, Tian"]
[Black "Cai, Jiaying"]
[Result "0-1"]
[WhiteTitle "WGM"]
[WhiteElo "2217"]
[BlackElo "2082"]
[WhiteTeam "Chongqing"]
[BlackTeam "Tianjin"]
[WhiteFideId "8602417"]
[BlackFideId "8604312"]
[EventDate "2011.04.12"]

1. e4 c5 2. Nc3 Nc6 3. g3 g6 4. Bg2 Bg7 5. d3 e6 6. Be3 Nd4 7. Qd2 Qa5 8. Nf3
Ne7 9. O-O d6 10. a3 O-O 11. Rfb1 Qc7 12. Ne2 Nxe2+ 13. Qxe2 b6 14. Ra2 Bb7 15.
c4 Rfe8 16. b4 Nc6 17. Qd2 Rad8 18. Qc1 Nd4 19. Bxd4 cxd4 20. Rc2 Rc8 21. Qf4
Qd7 22. Rbc1 Qa4 23. Qd2 Rc7 24. Ne1 Rec8 25. h4 h5 26. b5 Qxa3 27. Ra2 Qc5 28.
Rxa7 d5 29. Rc2 dxe4 30. dxe4 Qe7 31. Qe2 e5 32. Nd3 Rxc4 33. Rxc4 Rxc4 34. f4
Rc7 35. Nb2 Qb4 36. f5 Qb3 37. fxg6 fxg6 38. Na4 d3 39. Qe3 Qc2 40. Bf3 d2 41.
Qe2 Rd7 42. Qd1 Qc4 43. Kh2 Qd4 44. Bg2 Rc7 45. Qb3+ Kh7 46. Nb2 Qf2 47. Nd1 Qe2
48. Qf3 Qe1 49. Ra2 Rc1 50. Nf2 d1=Q 51. Nxd1 Qxd1 52. Qe3 Rc5 53. Ra7 Qd7 54.
Bh3 Qf7 55. Bg2 Rxb5 56. Qd3 Rb2 57. Qe3 Qf1 58. Qg1 Qxg1+ 59. Kxg1 Bc8 60. Rc7
Be6 61. Bf1 b5 62. Rb7 b4 0-1

[Event "Chinese League"]
[Site "Ningbo CHN"]
[Date "2011.04.12"]
[Round "1"]
[White "Ni, Hua"]
[Black "Bu, Xiangzhi"]
[Result "1-0"]
[WhiteTitle "GM"]
[BlackTitle "GM"]
[WhiteElo "2646"]
[BlackElo "2677"]
[WhiteTeam "Shanghai"]
[BlackTeam "Shandong"]
[WhiteFideId "8601160"]
[BlackFideId "8601445"]
[EventDate "2011.04.12"]

1. e4 c5 2. Nf3 a6 3. c3 d5 4. exd5 Qxd5 5. d4 e6 6. Be2 Nf6 7. O-O Nc6 8. Be3
cxd4 9. Nxd4 Nxd4 10. Qxd4 e5 11. Qh4 Be7 12. Rd1 Qe6 13. Nd2 O-O 14. Ne4 Nxe4
15. Qxe4 f5 16. Qd5 Qxd5 17. Rxd5 Bf6 18. Rd6 Be7 19. Bc4+ Kh8 20. Rd2 f4 21.
Bb6 f3 22. Re1 Bg5 23. Be3 Be7 24. gxf3 Rxf3 25. Bd4 Be6 26. Bxe6 exd4 27. Bd5
Bg5 28. Rxd4 Rf6 29. Bxb7 Raf8 30. Re2 h5 31. Rd5 Rg6 32. Kf1 Rb8 33. Bxa6 1-0

[Event "Chinese League"]
[Site "Ningbo CHN"]
[Date "2011.04.12"]
[Round "1"]
[White "Lou, Yiping"]
[Black "Zhao, Jun"]
[Result "1/2-1/2"]
[WhiteTitle "IM"]
[BlackTitle "GM"]
[WhiteElo "2446"]
[BlackElo "2580"]
[WhiteTeam "Shanghai"]
[BlackTeam "Shandong"]
[WhiteFideId "8603928"]
[BlackFideId "8602522"]
[EventDate "2011.04.12"]

1. d4 Nf6 2. c4 g6 3. Nc3 Bg7 4. e4 d6 5. Nf3 O-O 6. Be2 e5 7. O-O Na6 8. Re1 c6
9. Be3 Ng4 10. Bg5 Qe8 11. d5 f6 12. Bh4 c5 13. Nd2 Nh6 14. Rb1 Nf7 15. Kh1 Bd7
16. a3 b6 17. b4 h5 18. h3 Qe7 19. Bd3 Bh6 20. Nf1 Bg5 21. Bg3 Kg7 22. f3 Bf4
23. Bf2 Rfc8 24. Qe2 Qe8 25. Rb2 Qe7 26. Reb1 Qe8 27. Nb5 Qd8 28. Nc3 Qe8 29.
Nb5 Qd8 30. Nc3 1/2-1/2

[Event "Chinese League"]
[Site "Ningbo CHN"]
[Date "2011.04.12"]
[Round "1"]
[White "Zhou, Jianchao"]
[Black "Wen, Yang"]
[Result "1/2-1/2"]
[WhiteTitle "GM"]
[BlackTitle "GM"]
[WhiteElo "2660"]
[BlackElo "2545"]
[WhiteTeam "Shanghai"]
[BlackTeam "Shandong"]
[WhiteFideId "8603537"]
[BlackFideId "8602956"]
[EventDate "2011.04.12"]

1. d4 Nf6 2. c4 g6 3. Nc3 Bg7 4. e4 d6 5. Nf3 O-O 6. Be2 e5 7. O-O Nc6 8. d5 Ne7
9. Ne1 Nd7 10. f3 f5 11. Be3 f4 12. Bf2 g5 13. Nd3 Ng6 14. c5 Nf6 15. Rc1 Rf7
16. a4 h5 17. cxd6 cxd6 18. Nb5 g4 19. Bxa7 g3 20. Qe1 Bf8 21. hxg3 Bd7 22. Bf2
fxg3 23. Bxg3 h4 24. Bxh4 Nxh4 25. Qxh4 Rh7 26. Qf2 Rxa4 27. Nc3 Rd4 28. f4 Rxd3
29. fxe5 Rxc3 30. Rxc3 Nxe4 31. Qxf8+ Qxf8 32. Rxf8+ Kxf8 33. Re3 Ng5 34. exd6
Rh6 35. Rb3 Rxd6 36. Rxb7 Rxd5 37. b4 Ke8 38. Kf2 Ne4+ 39. Ke3 Nd6 40. Rb8+ Ke7
41. Bf3 Nc4+ 42. Kf2 Rd2+ 43. Kg3 Rb2 44. Kf4 Nd6 45. Rb6 Bb5 46. Bc6 Bxc6 47.
Rxc6 Rxg2 48. Ke5 Rb2 49. Kd5 Rd2+ 50. Kc5 Kd7 51. Kb6 Rb2 52. Rc7+ Ke6 53. Kc5
Ne4+ 54. Kb5 Kd5 55. Rc1 Kd4 56. Rc4+ Kd3 57. Rc7 Nc3+ 58. Kc5 Rh2 59. Rd7+ Kc2
60. Kc4 Rh8 61. Rb7 Rc8+ 62. Kd4 Kb3 63. b5 Kb4 64. b6 Na4 65. Rc7 Rd8+ 66. Ke4
Nxb6 67. Rb7 Kb5 68. Rc7 Kb4 69. Rb7 Kc5 70. Rc7+ Kd6 71. Rg7 Re8+ 72. Kd4 Re6
73. Rg8 Rh6 74. Rd8+ Ke7 75. Rg8 Rh4+ 76. Ke5 Nd7+ 77. Kf5 Kf7 78. Ra8 Rh5+ 79.
Kf4 Nf6 80. Ra7+ Kg6 81. Ra6 Rf5+ 82. Ke3 Kg5 83. Ra1 Rb5 84. Rf1 Rb4 85. Kd3
Nd5 86. Rf8 Kg4 87. Rf7 Nf4+ 88. Ke3 Rb3+ 89. Ke4 Ne6 90. Rf6 Ng5+ 91. Kd4 Rb4+
92. Ke3 Nf3 93. Rf8 Rb3+ 94. Ke4 Ng5+ 95. Ke5 Rb5+ 96. Kd6 Ne4+ 97. Ke6 Ng5+ 98.
Kd6 Ne4+ 99. Ke6 Ng5+ 1/2-1/2

[Event "Chinese League"]
[Site "Ningbo CHN"]
[Date "2011.04.12"]
[Round "1"]
[White "Hou, Yifan"]
[Black "Ju, Wenjun"]
[Result "1/2-1/2"]
[WhiteTitle "GM"]
[BlackTitle "WGM"]
[WhiteElo "2602"]
[BlackElo "2519"]
[WhiteTeam "Shandong"]
[BlackTeam "Shanghai"]
[WhiteFideId "8602980"]
[BlackFideId "8603006"]
[EventDate "2011.04.12"]

1. e4 c5 2. Nc3 d6 3. d4 cxd4 4. Qxd4 Nc6 5. Bb5 Bd7 6. Bxc6 Bxc6 7. Bg5 h6 8.
Be3 Nf6 9. f3 e5 10. Qd3 d5 11. exd5 Nxd5 12. Nxd5 Qxd5 13. Qxd5 Bxd5 14. Ne2 f5
15. Nc3 Bc6 16. O-O-O Kf7 17. f4 Bxg2 18. Rhg1 exf4 19. Bxf4 Bc6 20. Be3 g5 21.
h4 f4 22. Bf2 Be7 23. Nd5 Bxd5 24. Rxd5 Rad8 25. Rf5+ Ke6 26. Rb5 b6 27. a4 Bf6
28. a5 Rd5 29. Rxd5 Kxd5 30. axb6 axb6 31. Bxb6 Rg8 32. hxg5 hxg5 33. Bc7 f3 34.
Kd2 g4 35. Bg3 Bxb2 36. Kd3 Bd4 37. c4+ Kc5 38. Rh1 Rg5 39. Rb1 Bf6 40. Rb5+ Kc6
41. Rxg5 Bxg5 42. Ke4 Be7 43. Kf5 Bd6 44. Kxg4 Bxg3 1/2-1/2

[Event "Chinese League"]
[Site "Ningbo CHN"]
[Date "2011.04.12"]
[Round "1"]
[White "Gu, Xiaobing"]
[Black "Zhang, Xiaowen"]
[Result "1/2-1/2"]
[WhiteTitle "WGM"]
[BlackTitle "WGM"]
[WhiteElo "2369"]
[BlackElo "2344"]
[WhiteTeam "Shandong"]
[BlackTeam "Shanghai"]
[WhiteFideId "8602611"]
[BlackFideId "8603219"]
[EventDate "2011.04.12"]

1. e4 e6 2. d4 d5 3. Nd2 c5 4. exd5 Qxd5 5. Ngf3 cxd4 6. Bc4 Qd7 7. O-O Nc6 8.
Nb3 Nf6 9. Nbxd4 Nxd4 10. Nxd4 a6 11. Re1 Bc5 12. c3 b5 13. Bb3 Bxd4 14. cxd4
Bb7 15. Qd3 O-O 16. Bg5 Nd5 17. Rad1 Rac8 18. Bc2 g6 19. Qe2 Rfe8 20. Bh6 Nf6
21. Bb1 Qd5 22. f3 Red8 23. Be4 Nxe4 24. fxe4 Qd6 25. Bg5 Rd7 26. Bf6 Qf4 27.
Qf3 Qxf3 28. gxf3 h6 29. Rd2 g5 30. h4 gxh4 31. Rg2+ Kf8 32. Rg4 Rdc7 33. Rxh4
Rc1 34. Kf1 Ke8 35. Rxh6 R1c2 36. Rh8+ Kd7 37. Rh7 Rxb2 38. Rxf7+ Ke8 39. Rxb7
Rcc2 40. Be5 Rg2 41. Rb8+ Kf7 42. Rb7+ Ke8 43. Re3 Rbf2+ 44. Ke1 Rxa2 45. Kf1
Raf2+ 46. Ke1 Ra2 47. Kf1 1/2-1/2

[Event "Chinese League"]
[Site "Ningbo CHN"]
[Date "2011.04.13"]
[Round "2"]
[White "Xiu, Deshun"]
[Black "Wen, Yang"]
[Result "1-0"]
[BlackTitle "GM"]
[WhiteElo "2508"]
[BlackElo "2545"]
[WhiteTeam "Beijing"]
[BlackTeam "Shandong"]
[WhiteFideId "8603693"]
[BlackFideId "8602956"]
[EventDate "2011.04.12"]

1. Nf3 Nf6 2. c4 g6 3. Nc3 Bg7 4. e4 d6 5. d4 O-O 6. Be2 e5 7. Be3 Ng4 8. Bg5 f6
9. Bh4 Nc6 10. d5 Ne7 11. Nd2 h5 12. h3 Nh6 13. g4 hxg4 14. hxg4 Nf7 15. Qb3 c5
16. Nd1 Qa5 17. Qc3 Qxc3 18. Nxc3 Bd7 19. Rb1 a5 20. f3 Rfc8 21. Bd1 Kf8 22. Ba4
Ke8 23. Ke2 Ng8 24. Bf2 Bh6 25. Rh2 Rab8 26. Bxd7+ Kxd7 27. Rbh1 Bxd2 28. Kxd2
Ne7 29. Be3 Rh8 30. Rh7 f5 31. gxf5 gxf5 32. exf5 1-0

[Event "Chinese League"]
[Site "Ningbo CHN"]
[Date "2011.04.13"]
[Round "2"]
[White "Yu, Yangyi"]
[Black "Zhao, Jun"]
[Result "1-0"]
[WhiteTitle "GM"]
[BlackTitle "GM"]
[WhiteElo "2652"]
[BlackElo "2580"]
[WhiteTeam "Beijing"]
[BlackTeam "Shandong"]
[WhiteFideId "8603820"]
[BlackFideId "8602522"]
[EventDate "2011.04.12"]

1. e4 c5 2. Nf3 d6 3. d4 cxd4 4. Nxd4 Nf6 5. Nc3 a6 6. Bg5 e6 7. f4 Qb6 8. Qd2
Nc6 9. Bxf6 gxf6 10. Nb3 Bd7 11. O-O-O Na5 12. Kb1 Nxb3 13. cxb3 O-O-O 14. Be2
h5 15. Na4 Bxa4 16. bxa4 Kb8 17. a5 Qa7 18. Rc1 Be7 19. Bf3 h4 20. Qb4 Rhe8 21.
Qb3 Rc8 22. f5 Bf8 23. fxe6 fxe6 24. Bh5 Red8 25. Qxe6 Qd4 26. Bg4 Rxc1+ 27.
Rxc1 Bh6 28. Rd1 Qe5 29. Qxe5 fxe5 30. Rd3 Bf4 31. h3 Kc7 32. Kc2 Re8 33. Rc3+
Kb8 34. Kd3 Bg3 35. Kc4 Re7 36. Kd5 Rc7 37. Kxd6 Rxc3 38. bxc3 Bf4 39. c4 Bg3
40. Be6 Bf4 41. c5 Bg3 42. Bd5 Bf2 43. Kxe5 Bxc5 44. Kf5 Kc7 45. e5 Bb4 46. e6
Kd6 47. Bxb7 Ke7 48. Bxa6 Bxa5 49. Bc4 Bc3 50. a4 Ba5 51. Kg4 Be1 52. Kg5 Kf8
53. Kf5 Ke7 54. Ke5 Bd2 55. Kd5 Be1 56. Kc6 Bd2 57. Kb5 Kd6 58. a5 Be3 59. a6
Bf2 60. Bd5 Be3 61. e7 1-0